Bundesliga Keepers 24/25 - Statistics

General Stats
  • This quiz has been taken 31 times
  • The average score is 16 of 24
Answer Stats
Picture Answer % Correct
Manuel Neuer
100%
Kevin Trapp
89%
Lukas Hradecky
85%
Peter Gulacsi
85%
Gregor Kobel
81%
Oliver Baumann
78%
Daniel Peretz
74%
Alexander Nübel
70%
Kamil Grabara
70%
Kaua Santos
70%
Matej Kovar
70%
Jonas Omlin
67%
Florian Müller
63%
Frederik Rönnow
63%
Kevin Müller
63%
Michael Zetterer
63%
Robin Zentner
63%
Moritz Nicolas
59%
Noah Atubolu
56%
Nikola Vasilj
44%
Patrick Drewes
41%
Nediljko Labrovic
33%
Timon Weiner
33%
Marten Vandevoordt
30%
No matching quizzes found
Score Distribution
Percent of People with Each Score
Percentile by Number Answered
Your Score History
You have not taken this quiz